Die meisten besuchten Länder in Asien - Statistiken

Allgemein
  • Dieses Quiz wurde 184 mal gespielt
  • Das Durchschnittsergebnis liegt bei 9 aus 11
Antwortstatistiken
Touristen (2016/2017) Länder % Korrekt
28.7 million . Japan
99%
60.7 million China
98%
35.4 million Thailand
95%
15.5 million Indien
91%
13.3 million Südkorea
91%
12.9 million Indonesien
86%
30.3 million Türkei
75%
26.0 million Malaysia
71%
18.0 million Saudi Arabien
71%
14.9 million Vereinigte Arabische Emirate
71%
13.9 million Singapur
68%
Keine übereinstimmenden Quizze gefunden
Verteilung der Resultate
Anzahl Personen mit jedem Resultat
Perzentil nach korrekt beantworteten Fragen
Ihre Resultats-Entwicklung
Sie haben dieses Quiz noch nicht gespielt